|
|
|
|
| LEADER |
00785nam a22002172a 4500 |
| 001 |
001768923 |
| 003 |
CZ BrMZK |
| 005 |
20200916115523.0 |
| 007 |
ta |
| 008 |
200916s1972 fi er|||||||||||eng d |
| 040 |
|
|
|a BOA001
|b cze
|e aacr2
|
| 100 |
1 |
|
|a Lehtonen, Timo
|4 dis
|
| 245 |
1 |
0 |
|a Passage of ureteral concretions :
|b a clinical and experimental study on the role of different therapeutic methods and urinary concretions /
|c Timo Lehtonen
|
| 260 |
|
|
|a Helsinki :
|b T. Lehtonen,
|c 1972
|
| 300 |
|
|
|a 53 s., obr. příl.
|
| 502 |
|
|
|a Disertace--Helsingin yliopisto, 1972
|
| 710 |
2 |
|
|a Helsingin yliopisto
|7 kn20020322333
|4 oth
|
| 910 |
|
|
|a BOA001
|b 3-0700.196
|
| 990 |
|
|
|a BK
|
| 991 |
|
|
|b 202009
|
| 996 |
7 |
|
|b 2618897705
|c 3-0700.196
|l MZK
|r Sklad / do 1 hodiny
|n 0
|w 001826629
|u 000010
|a 1
|e BOA001
|j MZK50
|s A
|